[Event "GER-chT School WK Girls"]
[Site "Playchess.com INT"]
[Date "2020.06.17"]
[Round "7.3"]
[White "Ipek, Meryem Zeynep"]
[Black "Scheid, Habibah"]
[Result "1-0"]
[WhiteElo "1520"]
[BlackElo "1340"]
[PlyCount "25"]
[EventDate "2020.06.10"]
[EventType "team-swiss (blitz)"]
[EventRounds "7"]
[EventCountry "GER"]
[SourceTitle "EXT 2021"]
[Source "ChessBase"]
[SourceDate "2020.10.23"]
[SourceVersion "1"]
[SourceVersionDate "2020.10.23"]
[SourceQuality "1"]
[WhiteTeam "Borken"]
[BlackTeam "Ottweiler Gymn"]
[WhiteTeamCountry "GER"]
[BlackTeamCountry "GER"]

1. e4 Nf6 2. Nc3 Nh5 3. Qxh5 g6 4. Qd1 Bh6 5. Nf3 0-0 6. d4 e6 7. Bxh6 Re8 8. Ng5 f6 9. Nh3 Kf7 10. Qf3 Ke7 11. e5 fxe5 12. dxe5 c6 13. Bg5# 1-0

[Event "GER-chT U14 Girls"]
[Site "Neumuenster"]
[Date "2019.12.28"]
[Round "3.7"]
[White "Rosin, Ida"]
[Black "Ipek, Meryem Zeynep"]
[Result "0-1"]
[WhiteElo "1389"]
[BlackElo "996"]
[PlyCount "112"]
[EventDate "2019.12.27"]
[EventType "team-swiss"]
[EventRounds "7"]
[EventCountry "GER"]
[SourceTitle "CBM 194 Extra"]
[Source "ChessBase"]
[SourceDate "2020.03.31"]
[SourceVersion "1"]
[SourceVersionDate "2020.03.31"]
[SourceQuality "1"]
[WhiteTeam "Luebeck"]
[BlackTeam "Raesfeld"]
[WhiteTeamCountry "GER"]
[BlackTeamCountry "GER"]

1. e4 e5 2. Nf3 Nc6 3. d4 exd4 4. Nxd4 Bc5 5. Be3 Qf6 6. Nxc6 Bxe3 7. fxe3 bxc6 8. Nc3 Ne7 9. Bd3 0-0 10. h3 Qh4+ 11. Ke2 d6 12. Qf1 Be6 13. Qf4 Qxf4 14. exf4 f5 15. Rhf1 d5 16. e5 Rab8 17. b3 c5 18. Kd2 c4 19. Be2 Rb4 20. Rab1 d4 21. Na4 Rd8 22. Nc5 c3+ 23. Kd1 Rb6 24. Nxe6 Rxe6 25. Bc4 Nd5 26. Bxd5 Rxd5 27. Ke2 Rg6 28. Rf2 Rg3 29. Rd1 Re3+ 30. Kf1 h6 31. Kg1 g5 32. fxg5 Rexe5 33. gxh6 Re6 34. Rd3 Rxh6 35. Rdf3 Rf6 36. g4 f4 37. Rxf4 Rxf4 38. Rxf4 d3 39. cxd3 c2 40. Rf1 Rxd3 41. Kg2 Rd1 42. Rxd1 cxd1Q 43. b4 Qd5+ 44. Kg3 Qg5 45. h4 Qe3+ 46. Kg2 Kg7 47. h5 Kf6 48. h6 Qxh6 49. Kf2 Qf4+ 50. Ke2 Qxg4+ 51. Kd3 Qxb4 52. Kc2 Qa3 53. Kd2 Ke5 54. Kc2 Kd4 55. Kb1 Kc3 56. Ka1 Qb2# 0-1